English Grammar completeGrammar with execise/ (Record no. 182032)
[ view plain ]
| 000 -LEADER | |
|---|---|
| fixed length control field | 00632nam a22001817a 4500 |
| 005 - DATE AND TIME OF LATEST TRANSACTION | |
| control field | 20221018124216.0 |
| 020 ## - INTERNATIONAL STANDARD BOOK NUMBER | |
| Terms of availability | 200.00 |
| International Standard Book Number | 9789380522999 |
| 037 ## - SOURCE OF ACQUISITION | |
| Source of stock number/acquisition | Pinkcity Publishers |
| 082 ## - DEWEY DECIMAL CLASSIFICATION NUMBER | |
| Classification number | 485 |
| 100 ## - MAIN ENTRY--PERSONAL NAME | |
| Personal name | Yadav, Sanwar Singh |
| 245 ## - TITLE STATEMENT | |
| Title | English Grammar completeGrammar with execise/ |
| Statement of responsibility, etc | by Sanwar Singh Yadav |
| 260 ## - PUBLICATION, DISTRIBUTION, ETC. (IMPRINT) | |
| Place of publication, distribution, etc | Jaipur |
| Name of publisher, distributor, etc | Pinkcity Publishers |
| Date of publication, distribution, etc | 2021 |
| 270 ## - ADDRESS | |
| Address | 2561,Ram bhawan,shuara rasta |
| City | jaipur |
| Postal code | 302003 |
| 300 ## - PHYSICAL DESCRIPTION | |
| Extent | 226p.: |
| Dimensions | 26cm(pbk) |
| 500 ## - GENERAL NOTE | |
| General note | Complete Grammar with exercise |
| 942 ## - ADDED ENTRY ELEMENTS (KOHA) | |
| Source of classification or shelving scheme | Dewey Decimal Classification |
| Item type | English Books |
| Call number suffix | YAD |
| Classification part | 485 |
| Withdrawn status | Lost status | Not for loan | Collection code | Home library | Current library | Date acquired | Source of acquisition | Cost, normal purchase price | Full call number | Barcode | Copy number | Cost, replacement price | Koha item type | Public note |
|---|---|---|---|---|---|---|---|---|---|---|---|---|---|---|
| Non-fiction | Ashok Vihar | Ashok Vihar | 18/10/2022 | 6.10.22/Gift | 200.00 | 485 YAD | B-746014 | 1 | 200.00 | English Books | Gift |
